[Event "European Rapid Championship 2021"]
[Site "Katowice"]
[Date "2021.12.19"]
[Round "9.3"]
[White "Lubczynski, Rafal"]
[Black "Brzezinski, Mateusz"]
[Result "1/2-1/2"]
[WhiteElo "2289"]
[BlackElo "2187"]
[Annotator "NA"]
[PlyCount "111"]
[EventDate "2021.12.18"]
[EventType "swiss"]
[EventCountry "POL"]
[SourceTitle "playchess.com"]
[Source "ChessBase"]
[SourceQuality "1"]
[TimeControl "900+10"]

1. Nf3 {[%emt 0:00:01]} Nf6 {[%emt 0:00:01]} 2. c4 {[%emt 0:00:01]} e6 {
[%emt 0:00:04]} 3. g3 {[%emt 0:00:02]} d5 {[%emt 0:00:02]} 4. Bg2 {[%emt 0:00:
01]} Be7 {[%emt 0:00:02]} 5. O-O {[%emt 0:00:02]} O-O {[%emt 0:00:01]} 6. d4 {
[%emt 0:00:02]} c5 {[%emt 0:00:10]} 7. cxd5 {[%emt 0:00:19]} exd5 {[%emt 0:00:
12]} 8. dxc5 {[%emt 0:00:07]} Bxc5 {[%emt 0:00:01]} 9. Qc2 {[%emt 0:00:03]} Be7
{[%emt 0:00:16]} 10. Rd1 {[%emt 0:00:13]} Nc6 {[%emt 0:00:37]} 11. Nc3 {
[%emt 0:00:14]} Be6 {[%emt 0:00:08]} 12. Bg5 {[%emt 0:00:34]} Qa5 {[%emt 0:00:
11]} 13. Nd4 {[%emt 0:04:59]} Nxd4 {[%emt 0:00:40]} 14. Rxd4 {[%emt 0:00:01]}
Rfd8 {[%emt 0:02:36]} 15. Qd2 {[%emt 0:03:00]} Kf8 {[%emt 0:07:11]} 16. Rd1 {
[%emt 0:03:12]} Qb6 {[%emt 0:04:46]} 17. Be3 {[%emt 0:02:37]} Qa6 {[%emt 0:00:
01]} 18. Ra4 {[%emt 0:00:16]} Qc6 {[%emt 0:00:05]} 19. Qd4 {[%emt 0:01:41]} b6
{[%emt 0:00:14]} 20. Rc1 {[%emt 0:00:10]} Qd7 {[%emt 0:00:34]} 21. Qd3 {
[%emt 0:00:15]} Rac8 {[%emt 0:00:06]} 22. Qa6 {[%emt 0:00:09]} Rc7 {[%emt 0:00:
17]} 23. Rd1 {[%emt 0:00:21]} Qc6 {[%emt 0:00:24]} 24. Qd3 {[%emt 0:00:34]} Qb7
{[%emt 0:00:03]} 25. Nb5 {[%emt 0:00:02]} Qc6 {[%emt 0:00:15]} 26. Rxa7 {
[%emt 0:00:07]} Rxa7 {[%emt 0:00:05]} 27. Nxa7 Qa4 {[%emt 0:00:12]} 28. Bxb6 {
[%emt 0:00:20]} Rb8 {[%emt 0:00:04]} 29. b3 {[%emt 0:00:08]} Qxa2 {[%emt 0:00:
07]} 30. Qe3 {[%emt 0:00:21]} Ng4 {[%emt 0:00:13]} 31. Qd4 {[%emt 0:00:02]}
Qxb3 {[%emt 0:00:01]} 32. Bc5 {[%emt 0:00:14]} Bxc5 {[%emt 0:00:30]} 33. Qxc5+
{[%emt 0:00:01]} Kg8 {[%emt 0:00:01]} 34. Rc1 {[%emt 0:00:13]} Qb6 {[%emt 0:00:
21]} 35. Qxb6 {[%emt 0:00:20]} Rxb6 {[%emt 0:00:03]} 36. Nc6 {[%emt 0:00:01]}
Kf8 {[%emt 0:00:17]} 37. Bf3 {[%emt 0:00:06]} Nf6 {[%emt 0:00:03]} 38. Kg2 {
[%emt 0:00:04]} Nd7 {[%emt 0:00:12]} 39. h4 {[%emt 0:00:22]} g6 {[%emt 0:00:05]
} 40. Rc2 {[%emt 0:00:22]} h5 {[%emt 0:00:03]} 41. Rc1 {[%emt 0:00:01]} Kg7 {
[%emt 0:00:08]} 42. Rc3 {[%emt 0:00:14]} Kf6 {[%emt 0:00:04]} 43. e3 {[%emt 0:
00:03]} Rb2 {[%emt 0:00:30]} 44. Nd4 {[%emt 0:00:14]} Ne5 {[%emt 0:00:05]} 45.
Be2 {[%emt 0:00:01]} Bg4 {[%emt 0:00:10]} 46. Bf1 Bf5 {[%emt 0:00:15]} 47. Nxf5
{[%emt 0:00:38]} Kxf5 {[%emt 0:00:04]} 48. Kg1 {[%emt 0:00:03]} Ke6 {[%emt 0:
00:23]} 49. Bg2 {[%emt 0:00:17]} Rd2 {[%emt 0:00:05]} 50. Ra3 {[%emt 0:00:09]}
Rc2 {[%emt 0:00:19]} 51. Ra6+ {[%emt 0:00:07]} Rc6 {[%emt 0:00:03]} 52. Rxc6+ {
[%emt 0:00:13]} Nxc6 {[%emt 0:00:01]} 53. Kf1 {[%emt 0:00:01]} Kd6 {[%emt 0:00:
08]} 54. Ke2 {[%emt 0:00:04]} Ne5 {[%emt 0:00:05]} 55. Kd2 {[%emt 0:00:07]} Ng4
{[%emt 0:00:03]} 56. Ke2 {[%emt 0:00:11]} 1/2-1/2

[Event "European Rapid Championship 2021"]
[Site "Katowice"]
[Date "2021.12.19"]
[Round "9.4"]
[White "Sumets, Andrey"]
[Black "Keinanen, Toivo"]
[Result "1/2-1/2"]
[WhiteElo "2508"]
[BlackElo "2341"]
[Annotator "ChessBase"]
[PlyCount "62"]
[EventDate "2021.12.18"]
[EventType "swiss"]
[EventCountry "POL"]
[SourceTitle "playchess.com"]
[Source "ChessBase"]
[SourceQuality "1"]
[TimeControl "900+10"]

1. d4 d5 2. c4 {[%emt 0:00:04]} e6 {[%emt 0:00:01]} 3. Nf3 {[%emt 0:00:23]} Nf6
{[%emt 0:00:00]} 4. Nc3 {[%emt 0:00:15]} Be7 {[%emt 0:00:02]} 5. cxd5 {[%emt 0:
00:04]} exd5 {[%emt 0:00:10]} 6. Qc2 {[%emt 0:00:21]} c5 {[%emt 0:03:16]} 7.
dxc5 {[%emt 0:00:11]} d4 {[%emt 0:01:26]} 8. Ne4 {[%emt 0:01:55]} O-O {[%emt 0:
00:38]} 9. Nxf6+ {[%emt 0:04:03]} Bxf6 {[%emt 0:00:01]} 10. e4 {[%emt 0:00:50]}
Nc6 {[%emt 0:03:23]} 11. a3 {[%emt 0:02:47]} Bg4 {[%emt 0:00:50]} 12. Bd3 {
[%emt 0:00:02]} Rc8 {[%emt 0:01:03]} 13. b4 {[%emt 0:01:26]} b6 {[%emt 0:00:36]
} 14. Nd2 {[%emt 0:04:05]} bxc5 {[%emt 0:00:17]} 15. bxc5 {[%emt 0:00:04]} Ne5
{[%emt 0:00:38]} 16. Nb3 {[%emt 0:00:01]} Be6 {[%emt 0:01:17]} 17. O-O {
[%emt 0:00:08]} Bxb3 {[%emt 0:01:16]} 18. Qxb3 {[%emt 0:00:01]} Rxc5 {[%emt 0:
00:01]} 19. Bd2 {[%emt 0:00:13]} Qb6 {[%emt 0:01:15]} 20. Rfb1 {[%emt 0:00:09]}
Qxb3 {[%emt 0:01:17]} 21. Rxb3 {[%emt 0:00:01]} Nxd3 {[%emt 0:00:21]} 22. Rxd3
{[%emt 0:00:01]} Rb8 {[%emt 0:00:05]} 23. Bb4 {[%emt 0:00:34]} Rc2 {[%emt 0:00:
24]} 24. Rad1 {[%emt 0:00:16]} g5 {[%emt 0:00:28]} 25. Kf1 {[%emt 0:00:35]} Rb5
{[%emt 0:00:11]} 26. R3d2 {[%emt 0:00:12]} Rc4 {[%emt 0:00:01]} 27. g3 {
[%emt 0:00:21]} g4 {[%emt 0:00:11]} 28. Bd6 {[%emt 0:00:02]} h5 {[%emt 0:00:21]
} 29. e5 {[%emt 0:00:16]} Bxe5 {[%emt 0:00:02]} 30. Bxe5 {[%emt 0:00:01]} Rxe5
{[%emt 0:00:01]} 31. Rxd4 {[%emt 0:00:01]} Rxd4 1/2-1/2

[Event "European Rapid Championship 2021"]
[Site "Katowice"]
[Date "2021.12.19"]
[Round "9.4"]
[White "Budrewicz, Krzysztof"]
[Black "Kacprzak, Karol"]
[Result "0-1"]
[WhiteElo "2281"]
[BlackElo "2038"]
[Annotator "ChessBase"]
[PlyCount "292"]
[EventDate "2021.12.18"]
[EventType "swiss"]
[EventCountry "POL"]
[SourceTitle "playchess.com"]
[Source "ChessBase"]
[SourceQuality "1"]
[TimeControl "900+10"]

1. d4 {[%emt 0:00:03]} Nf6 {[%emt 0:00:03]} 2. c4 {[%emt 0:00:02]} e6 {[%emt 0:
00:07]} 3. Nf3 {[%emt 0:00:03]} b6 {[%emt 0:00:46]} 4. g3 {[%emt 0:00:09]} Bb7
{[%emt 0:00:02]} 5. Bg2 {[%emt 0:00:04]} c5 {[%emt 0:00:02]} 6. d5 {[%emt 0:01:
32]} exd5 {[%emt 0:00:02]} 7. cxd5 {[%emt 0:00:30]} Bxd5 {[%emt 0:00:03]} 8.
Nc3 {[%emt 0:00:13]} Bc6 {[%emt 0:00:42]} 9. O-O {[%emt 0:00:14]} Be7 {[%emt 0:
02:15]} 10. Re1 {[%emt 0:00:28]} O-O {[%emt 0:02:13]} 11. e4 {[%emt 0:00:09]}
d6 {[%emt 0:00:02]} 12. Bf4 {[%emt 0:00:20]} Re8 {[%emt 0:00:45]} 13. a4 {
[%emt 0:00:27]} Bf8 {[%emt 0:00:22]} 14. Nd2 {[%emt 0:00:13]} Na6 {[%emt 0:01:
58]} 15. Nc4 {[%emt 0:00:24]} Nb4 {[%emt 0:00:20]} 16. Bxd6 {[%emt 0:02:43]}
Bxd6 {[%emt 0:01:07]} 17. Nxd6 {[%emt 0:00:02]} Re6 {[%emt 0:00:12]} 18. e5 {
[%emt 0:02:04]} Bxg2 {[%emt 0:01:05]} 19. Kxg2 {[%emt 0:00:02]} Ne8 {[%emt 0:
01:10]} 20. Ncb5 {[%emt 0:00:21]} Qe7 {[%emt 0:00:01]} 21. Qf3 {[%emt 0:01:36]}
Rd8 {[%emt 0:00:14]} 22. Rad1 {[%emt 0:00:33]} a6 {[%emt 0:01:45]} 23. Nf5 {
[%emt 0:00:13]} Qg5 {[%emt 0:00:30]} 24. h4 {[%emt 0:01:52]} Rxd1 {[%emt 0:00:
02]} 25. hxg5 {[%emt 0:01:31]} Rxe1 {[%emt 0:00:01]} 26. Nfd6 {[%emt 0:00:04]}
Re7 {[%emt 0:00:54]} 27. Nxe8 {[%emt 0:00:16]} Rxe8 {[%emt 0:00:00]} 28. Nd6 {
[%emt 0:00:15]} Rf8 {[%emt 0:00:01]} 29. Qc3 {[%emt 0:00:46]} Re2 {[%emt 0:00:
38]} 30. Nf5 {[%emt 0:00:12]} Nd5 {[%emt 0:00:55]} 31. Qd3 {[%emt 0:01:41]}
Rxe5 {[%emt 0:00:01]} 32. Kh3 {[%emt 0:00:21]} Ne7 {[%emt 0:00:37]} 33. Ne3 {
[%emt 0:00:17]} Rxg5 {[%emt 0:00:43]} 34. Qxa6 {[%emt 0:00:01]} Rg6 {[%emt 0:
00:12]} 35. Qb7 {[%emt 0:00:08]} Re6 {[%emt 0:00:02]} 36. Nc4 {[%emt 0:00:10]}
Nc8 {[%emt 0:00:02]} 37. Kg2 {[%emt 0:00:06]} Nd6 {[%emt 0:00:09]} 38. Nxd6 {
[%emt 0:00:14]} Rxd6 {[%emt 0:00:01]} 39. Qc7 {[%emt 0:00:17]} Re6 {[%emt 0:00:
07]} 40. b3 {[%emt 0:00:03]} h6 {[%emt 0:00:03]} 41. Qb7 {[%emt 0:00:09]} Rd8 {
[%emt 0:00:10]} 42. f4 {[%emt 0:00:47]} Rd2+ {[%emt 0:00:16]} 43. Kh3 {[%emt 0:
00:01]} Rd3 {[%emt 0:00:04]} 44. a5 {[%emt 0:00:11]} bxa5 {[%emt 0:00:21]} 45.
Qc8+ {[%emt 0:00:02]} Kh7 {[%emt 0:00:04]} 46. Qxc5 {[%emt 0:00:01]} g6 {
[%emt 0:00:52]} 47. f5 {[%emt 0:00:29]} Rf6 {[%emt 0:00:37]} 48. fxg6+ {
[%emt 0:00:24]} Rxg6 {[%emt 0:00:02]} 49. Qf5 {[%emt 0:00:22]} Rdxg3+ {[%emt 0:
00:10]} 50. Kh2 {[%emt 0:00:01]} Kg8 {[%emt 0:00:15]} 51. Qxa5 {[%emt 0:00:18]}
Rxb3 {[%emt 0:00:14]} 52. Qd8+ {[%emt 0:00:04]} Kh7 {[%emt 0:00:11]} 53. Qd5 {
[%emt 0:00:09]} Rb2+ {[%emt 0:00:01]} 54. Kh1 {[%emt 0:00:05]} Rf2 {[%emt 0:00:
05]} 55. Qe5 {[%emt 0:00:11]} Rff6 {[%emt 0:00:24]} 56. Qe4 {[%emt 0:00:01]}
Kg7 {[%emt 0:00:05]} 57. Qe5 {[%emt 0:00:01]} Rg5 {[%emt 0:00:01]} 58. Qd4 {
[%emt 0:00:01]} Kg6 {[%emt 0:00:09]} 59. Qe4+ {[%emt 0:00:01]} Rff5 {[%emt 0:
00:21]} 60. Kh2 {[%emt 0:00:01]} Kg7 {[%emt 0:00:05]} 61. Qd4+ {[%emt 0:00:01]}
Kg6 {[%emt 0:00:08]} 62. Qe4 {[%emt 0:00:04]} Kg7 {[%emt 0:00:14]} 63. Qd4+ {
[%emt 0:00:01]} Rf6 {[%emt 0:00:07]} 64. Kh1 {[%emt 0:00:01]} Rgg6 {[%emt 0:00:
05]} 65. Kh2 {[%emt 0:00:02]} Kh7 {[%emt 0:00:01]} 66. Qe4 {[%emt 0:00:01]} Re6
{[%emt 0:00:05]} 67. Qf5 {[%emt 0:00:01]} Kg8 {[%emt 0:00:03]} 68. Qd3 {
[%emt 0:00:02]} Re5 {[%emt 0:00:12]} 69. Qd8+ {[%emt 0:00:02]} Kh7 {[%emt 0:00:
04]} 70. Qd1 {[%emt 0:00:08]} Rf5 {[%emt 0:00:32]} 71. Qe2 {[%emt 0:00:06]}
Rfg5 {[%emt 0:00:21]} 72. Kh3 {[%emt 0:00:44]} Re6 {[%emt 0:00:15]} 73. Qd3+ {
[%emt 0:00:00]} Kg8 {[%emt 0:00:04]} 74. Qd8+ {[%emt 0:00:01]} Kg7 {[%emt 0:00:
04]} 75. Qd4+ {[%emt 0:00:02]} Kh7 {[%emt 0:00:03]} 76. Qd3+ {[%emt 0:00:01]}
Rgg6 {[%emt 0:00:01]} 77. Kh2 {[%emt 0:00:10]} Re5 {[%emt 0:00:15]} 78. Qf3 {
[%emt 0:00:02]} Kg8 {[%emt 0:00:32]} 79. Qa8+ {[%emt 0:00:10]} Kg7 {[%emt 0:00:
07]} 80. Qf3 {[%emt 0:00:03]} Rf6 {[%emt 0:00:09]} 81. Qg4+ {[%emt 0:00:09]}
Kh7 {[%emt 0:00:08]} 82. Qd1 {[%emt 0:00:58]} Rf2+ {[%emt 0:00:20]} 83. Kg3 {
[%emt 0:00:09]} Rfe2 {[%emt 0:00:03]} 84. Qd3+ {[%emt 0:00:03]} Kg7 {[%emt 0:
00:07]} 85. Qd4 {[%emt 0:00:00]} R2e4 {[%emt 0:00:01]} 86. Qa1 {[%emt 0:00:16]}
h5 {[%emt 0:00:01]} 87. Qb2 {[%emt 0:00:10]} Kg6 {[%emt 0:00:05]} 88. Qc2 {
[%emt 0:00:05]} Kg5 {[%emt 0:00:10]} 89. Qd2+ {[%emt 0:00:02]} Re3+ {[%emt 0:
00:01]} 90. Kh2 {[%emt 0:00:04]} f5 {[%emt 0:00:11]} 91. Qd8+ {[%emt 0:00:04]}
Re7 {[%emt 0:00:01]} 92. Qg8+ {[%emt 0:00:16]} Kf4 {[%emt 0:00:02]} 93. Qc4+ {
[%emt 0:00:01]} R3e4 {[%emt 0:00:23]} 94. Qc1+ {[%emt 0:00:02]} Re3 {[%emt 0:
00:20]} 95. Qf1+ {[%emt 0:00:12]} Kg5 {[%emt 0:00:08]} 96. Qg1+ {[%emt 0:00:01]
} Kf6 {[%emt 0:00:15]} 97. Qa1+ {[%emt 0:00:03]} Kg6 {[%emt 0:00:07]} 98. Qg1+
{[%emt 0:00:04]} Kf6 {[%emt 0:00:23]} 99. Qa1+ {[%emt 0:00:04]} R7e5 {[%emt 0:
00:04]} 100. Qd4 {[%emt 0:00:07]} Kg5 {[%emt 0:00:15]} 101. Qd8+ {[%emt 0:00:
03]} Kg4 {[%emt 0:00:15]} 102. Qd4+ {[%emt 0:00:11]} f4 {[%emt 0:00:21]} 103.
Qd7+ {[%emt 0:00:01]} Kf3 {[%emt 0:00:17]} 104. Qc6+ {[%emt 0:00:23]} Kf2 {
[%emt 0:00:15]} 105. Qb6 {[%emt 0:00:39]} Kf1 {[%emt 0:00:08]} 106. Qb1+ Kf2 {
[%emt 0:00:14]} 107. Qb4 {[%emt 0:00:48]} f3 {[%emt 0:00:08]} 108. Qd2+ {
[%emt 0:00:21]} Re2 {[%emt 0:00:01]} 109. Qd4+ {[%emt 0:00:01]} R5e3 {[%emt 0:
00:12]} 110. Qh4+ {[%emt 0:00:13]} Kf1+ {[%emt 0:00:02]} 111. Kh1 {[%emt 0:00:
01]} f2 {[%emt 0:00:20]} 112. Kh2 {[%emt 0:01:03]} Rd2 {[%emt 0:00:13]} 113.
Qc4+ {[%emt 0:00:35]} Ke1 {[%emt 0:00:06]} 114. Qc1+ {[%emt 0:00:04]} Ke2 {
[%emt 0:00:01]} 115. Qc4+ {[%emt 0:00:11]} Rdd3 {[%emt 0:00:13]} 116. Qa2+ {
[%emt 0:00:08]} Ke1 {[%emt 0:00:22]} 117. Qa1+ {[%emt 0:00:24]} Rd1 {[%emt 0:
00:09]} 118. Qa5+ {[%emt 0:00:01]} Ke2 {[%emt 0:00:12]} 119. Qxh5+ {[%emt 0:00:
09]} Kd2 {[%emt 0:00:08]} 120. Qa5+ {[%emt 0:00:08]} Kd3 {[%emt 0:00:09]} 121.
Qa3+ {[%emt 0:00:04]} Ke4 {[%emt 0:00:11]} 122. Qa4+ {[%emt 0:00:01]} Rd4 {
[%emt 0:00:03]} 123. Qc2+ {[%emt 0:00:08]} Kf3 {[%emt 0:00:08]} 124. Qf5+ {
[%emt 0:00:12]} Rf4 {[%emt 0:00:17]} 125. Qd5+ {[%emt 0:00:02]} Ree4 {[%emt 0:
00:11]} 126. Qd1+ {[%emt 0:00:03]} Ke3 {[%emt 0:00:03]} 127. Qc1+ {[%emt 0:00:
03]} Kd3 {[%emt 0:00:02]} 128. Qd1+ {[%emt 0:00:08]} Kc3 {[%emt 0:00:03]} 129.
Qc1+ {[%emt 0:00:01]} Kd4 {[%emt 0:00:01]} 130. Qd2+ {[%emt 0:00:06]} Kc4 {
[%emt 0:00:06]} 131. Qc2+ {[%emt 0:00:01]} Kd5 {[%emt 0:00:01]} 132. Qd3+ {
[%emt 0:00:17]} Ke5 {[%emt 0:00:28]} 133. Qc3+ {[%emt 0:00:01]} Kf5 {[%emt 0:
00:23]} 134. Qc5+ {[%emt 0:00:06]} Kg4 {[%emt 0:00:20]} 135. Qc8+ {[%emt 0:00:
01]} Rf5 {[%emt 0:00:07]} 136. Qg8+ {[%emt 0:00:09]} Kf3 {[%emt 0:00:14]} 137.
Qb3+ {[%emt 0:00:38]} Re3 {[%emt 0:00:13]} 138. Qd1+ {[%emt 0:00:08]} Ke4 {
[%emt 0:00:09]} 139. Qc2+ {[%emt 0:00:10]} Ke5 {[%emt 0:00:12]} 140. Qc5+ {
[%emt 0:00:04]} Ke4 {[%emt 0:00:05]} 141. Qc2+ {[%emt 0:00:03]} Rd3 {[%emt 0:
00:10]} 142. Qe2+ {[%emt 0:00:09]} Kd4 {[%emt 0:00:12]} 143. Qg4+ {[%emt 0:00:
02]} Ke5 {[%emt 0:00:02]} 144. Qe2+ {[%emt 0:00:01]} Kf6 {[%emt 0:00:02]} 145.
Qb2+ {[%emt 0:00:12]} Kg6 {[%emt 0:00:16]} 146. Qc1 {[%emt 0:02:27]} Rh3+ {
[%emt 0:00:14]} 0-1

[Event "European Rapid Championship 2021"]
[Site "Katowice"]
[Date "2021.12.19"]
[Round "9.5"]
[White "Mirzoev, Emil"]
[Black "Krasenkow, Michal"]
[Result "0-1"]
[WhiteElo "2418"]
[BlackElo "2576"]
[Annotator "ChessBase"]
[PlyCount "82"]
[EventDate "2021.12.18"]
[EventType "swiss"]
[EventCountry "POL"]
[SourceTitle "playchess.com"]
[Source "ChessBase"]
[SourceQuality "1"]
[TimeControl "900+10"]

1. c4 {[%emt 0:00:02]} e5 {[%emt 0:00:02]} 2. Nc3 {[%emt 0:00:02]} Bb4 {
[%emt 0:00:06]} 3. Qc2 {[%emt 0:00:05]} Nf6 {[%emt 0:00:13]} 4. Nf3 {[%emt 0:
00:02]} Nc6 {[%emt 0:00:05]} 5. e3 {[%emt 0:00:02]} Bxc3 {[%emt 0:00:11]} 6.
bxc3 {[%emt 0:00:19]} e4 {[%emt 0:00:30]} 7. Nd4 {[%emt 0:00:30]} O-O {[%emt 0:
00:10]} 8. Be2 {[%emt 0:00:35]} Ne5 {[%emt 0:00:21]} 9. f4 {[%emt 0:01:24]} Ng6
{[%emt 0:00:32]} 10. d3 {[%emt 0:02:18]} Re8 {[%emt 0:00:35]} 11. O-O {[%emt 0:
01:09]} d6 {[%emt 0:01:37]} 12. f5 {[%emt 0:01:24]} exd3 {[%emt 0:00:11]} 13.
Bxd3 {[%emt 0:00:33]} Ne5 {[%emt 0:00:01]} 14. Be2 {[%emt 0:00:40]} b6 {
[%emt 0:00:10]} 15. Bf3 {[%emt 0:00:34]} Rb8 {[%emt 0:01:00]} 16. e4 {[%emt 0:
00:42]} Ba6 {[%emt 0:00:28]} 17. Bg5 {[%emt 0:00:35]} Bxc4 {[%emt 0:00:13]} 18.
Be2 {[%emt 0:00:08]} Bxe2 {[%emt 0:00:34]} 19. Nxe2 {[%emt 0:00:22]} Ned7 {
[%emt 0:00:35]} 20. Nf4 {[%emt 0:00:51]} Qe7 {[%emt 0:01:39]} 21. Rae1 {
[%emt 0:00:59]} Qe5 {[%emt 0:00:58]} 22. Nd3 {[%emt 0:00:08]} Qb5 {[%emt 0:00:
11]} 23. Nf2 {[%emt 0:00:23]} Qc4 {[%emt 0:00:39]} 24. Re3 {[%emt 0:00:35]} d5
{[%emt 0:01:51]} 25. Bxf6 {[%emt 0:02:05]} Nxf6 {[%emt 0:00:02]} 26. e5 {
[%emt 0:00:29]} d4 {[%emt 0:00:23]} 27. Ree1 {[%emt 0:01:11]} Nd5 {[%emt 0:00:
12]} 28. Qe4 {[%emt 0:00:12]} Nxc3 {[%emt 0:02:23]} 29. Qg4 {[%emt 0:00:00]}
Kh8 {[%emt 0:00:37]} 30. Nh3 {[%emt 0:00:48]} Qd5 {[%emt 0:01:22]} 31. Nf4 {
[%emt 0:00:38]} Qc5 {[%emt 0:00:49]} 32. Nh5 {[%emt 0:00:23]} Rg8 {[%emt 0:00:
18]} 33. e6 {[%emt 0:00:12]} d3+ {[%emt 0:00:07]} 34. Kh1 {[%emt 0:00:02]} fxe6
{[%emt 0:00:08]} 35. Rxe6 {[%emt 0:00:12]} d2 {[%emt 0:00:09]} 36. Nf4 {
[%emt 0:00:09]} Rgf8 {[%emt 0:00:14]} 37. Qh3 {[%emt 0:00:25]} d1=Q {[%emt 0:
00:23]} 38. Rxd1 {[%emt 0:00:08]} Nxd1 {[%emt 0:00:01]} 39. Ng6+ {[%emt 0:00:
02]} Kg8 {[%emt 0:00:01]} 40. Ne7+ {[%emt 0:00:12]} Qxe7 41. Qb3 Qf7 {[%emt 0:
00:15]} 0-1

[Event "European Rapid Championship 2021"]
[Site "Katowice"]
[Date "2021.12.19"]
[Round "9.5"]
[White "Pacuszka, Tomasz"]
[Black "Szwed, Jacek"]
[Result "1-0"]
[WhiteElo "2193"]
[BlackElo "2372"]
[Annotator "NA"]
[PlyCount "91"]
[EventDate "2021.12.18"]
[EventType "swiss"]
[EventCountry "POL"]
[SourceTitle "playchess.com"]
[Source "ChessBase"]
[SourceQuality "1"]
[TimeControl "900+10"]

1. e4 {[%emt 0:00:01]} e6 {[%emt 0:00:11]} 2. d4 {[%emt 0:00:02]} d5 {[%emt 0:
00:05]} 3. e5 {[%emt 0:00:01]} c5 {[%emt 0:00:01]} 4. c3 {[%emt 0:00:01]} Nc6 {
[%emt 0:00:01]} 5. Nf3 {[%emt 0:00:01]} Bd7 {[%emt 0:00:01]} 6. Be2 {[%emt 0:
00:09]} Rc8 {[%emt 0:00:02]} 7. O-O {[%emt 0:00:21]} a6 {[%emt 0:00:04]} 8. Na3
{[%emt 0:00:48]} cxd4 {[%emt 0:00:02]} 9. cxd4 {[%emt 0:00:00]} Bxa3 {[%emt 0:
00:01]} 10. bxa3 {[%emt 0:00:01]} Nge7 {[%emt 0:00:13]} 11. Rb1 {[%emt 0:00:32]
} Na5 {[%emt 0:00:02]} 12. a4 {[%emt 0:00:11]} Nc4 {[%emt 0:04:27]} 13. Rxb7 {
[%emt 0:00:28]} Bc6 {[%emt 0:00:26]} 14. Rb1 {[%emt 0:00:21]} Qd7 {[%emt 0:02:
19]} 15. Bd3 {[%emt 0:00:15]} Bxa4 {[%emt 0:00:25]} 16. Qe2 {[%emt 0:00:02]}
O-O {[%emt 0:02:55]} 17. Re1 {[%emt 0:03:27]} Nc6 {[%emt 0:02:21]} 18. h4 {
[%emt 0:03:32]} Qa7 {[%emt 0:01:36]} 19. Be3 {[%emt 0:00:10]} N6a5 {[%emt 0:02:
48]} 20. Rb4 {[%emt 0:01:12]} Bb5 {[%emt 0:00:09]} 21. a4 {[%emt 0:02:39]} Bc6
{[%emt 0:00:07]} 22. Bxh7+ {[%emt 0:00:24]} Kxh7 {[%emt 0:00:01]} 23. Ng5+ {
[%emt 0:00:01]} Kg8 {[%emt 0:00:01]} 24. Qh5 {[%emt 0:00:10]} Rfd8 {[%emt 0:00:
30]} 25. Qh7+ {[%emt 0:00:21]} Kf8 {[%emt 0:00:00]} 26. Qh8+ {[%emt 0:00:04]}
Ke7 {[%emt 0:00:01]} 27. Qxg7 {[%emt 0:00:01]} Rf8 {[%emt 0:00:01]} 28. Nh7 {
[%emt 0:00:20]} Nxe3 {[%emt 0:00:37]} 29. Rxe3 {[%emt 0:00:11]} Rg8 {[%emt 0:
00:11]} 30. Qh6 {[%emt 0:00:46]} Rg6 {[%emt 0:00:03]} 31. Qh5 {[%emt 0:00:07]}
Rh8 {[%emt 0:00:15]} 32. Rg3 {[%emt 0:00:07]} Kd8 {[%emt 0:00:19]} 33. Rxg6 {
[%emt 0:00:22]} fxg6 {[%emt 0:00:00]} 34. Qg5+ {[%emt 0:00:00]} Kc8 {[%emt 0:
00:13]} 35. Nf6 {[%emt 0:00:53]} Nc4 {[%emt 0:00:05]} 36. Qg4 {[%emt 0:00:10]}
Qe7 {[%emt 0:00:16]} 37. Rb1 {[%emt 0:00:11]} Bxa4 {[%emt 0:00:16]} 38. Nxd5 {
[%emt 0:00:11]} Qd7 {[%emt 0:00:12]} 39. Nf4 {[%emt 0:00:25]} Re8 {[%emt 0:00:
10]} 40. Nxg6 {[%emt 0:00:20]} Bc6 {[%emt 0:00:08]} 41. h5 {[%emt 0:00:21]} Bd5
{[%emt 0:00:13]} 42. Nf4 {[%emt 0:00:21]} Kc7 {[%emt 0:00:09]} 43. Rc1 {
[%emt 0:00:43]} Qf7 {[%emt 0:00:06]} 44. Qg3 {[%emt 0:00:25]} Rg8 {[%emt 0:00:
09]} 45. Nxd5+ {[%emt 0:00:07]} exd5 {[%emt 0:00:01]} 46. e6+ {[%emt 0:00:02]}
1-0

[Event "European Rapid Championship 2021"]
[Site "Katowice"]
[Date "2021.12.19"]
[Round "9.6"]
[White "Gumularz, Szymon"]
[Black "Fridman, Daniel"]
[Result "1/2-1/2"]
[WhiteElo "2452"]
[BlackElo "2626"]
[Annotator "ChessBase"]
[PlyCount "103"]
[EventDate "2021.12.18"]
[EventType "swiss"]
[EventCountry "POL"]
[SourceTitle "playchess.com"]
[Source "ChessBase"]
[SourceQuality "1"]
[TimeControl "900+10"]

1. e4 {[%emt 0:00:02]} c6 {[%emt 0:00:01]} 2. d4 {[%emt 0:00:05]} d5 {[%emt 0:
00:02]} 3. e5 {[%emt 0:00:03]} Bf5 {[%emt 0:00:09]} 4. h4 {[%emt 0:00:06]} h5 {
[%emt 0:00:02]} 5. Bd3 {[%emt 0:00:02]} Bxd3 {[%emt 0:00:01]} 6. Qxd3 {[%emt 0:
00:01]} e6 {[%emt 0:00:01]} 7. Nf3 {[%emt 0:00:06]} Qa5+ {[%emt 0:00:59]} 8.
Nbd2 {[%emt 0:00:07]} Qa6 {[%emt 0:00:13]} 9. c4 {[%emt 0:00:04]} Nh6 {[%emt 0:
00:08]} 10. O-O {[%emt 0:00:05]} Nd7 {[%emt 0:00:06]} 11. b3 {[%emt 0:00:04]}
Nf5 {[%emt 0:00:03]} 12. a4 {[%emt 0:00:04]} Be7 {[%emt 0:00:40]} 13. Ba3 {
[%emt 0:00:03]} c5 {[%emt 0:01:22]} 14. Qc3 {[%emt 0:00:34]} Qc6 {[%emt 0:02:
48]} 15. Rfd1 {[%emt 0:00:08]} O-O {[%emt 0:00:28]} 16. cxd5 {[%emt 0:00:07]}
exd5 {[%emt 0:00:22]} 17. Rac1 {[%emt 0:00:24]} Rac8 {[%emt 0:01:49]} 18. Qd3 {
[%emt 0:00:34]} Qe6 {[%emt 0:00:55]} 19. Re1 {[%emt 0:01:39]} Rc6 {[%emt 0:01:
07]} 20. dxc5 {[%emt 0:00:34]} Nxc5 {[%emt 0:00:20]} 21. Qb1 {[%emt 0:00:52]}
Rfc8 {[%emt 0:00:09]} 22. g3 {[%emt 0:01:06]} Qg6 {[%emt 0:00:07]} 23. e6 {
[%emt 0:06:27]} Rxe6 {[%emt 0:04:00]} 24. b4 {[%emt 0:00:10]} Rxe1+ {[%emt 0:
00:03]} 25. Nxe1 {[%emt 0:00:10]} Qg4 {[%emt 0:00:13]} 26. Ng2 {[%emt 0:01:18]}
Nd4 {[%emt 0:00:27]} 27. bxc5 {[%emt 0:01:16]} Ne2+ {[%emt 0:00:02]} 28. Kh2 {
[%emt 0:00:01]} Nxc1 {[%emt 0:00:02]} 29. Qxc1 {[%emt 0:00:21]} Qxa4 {[%emt 0:
00:37]} 30. Bb2 {[%emt 0:00:04]} Bxc5 {[%emt 0:00:28]} 31. Nf3 {[%emt 0:00:05]}
Qg4 {[%emt 0:00:36]} 32. Ne5 {[%emt 0:00:57]} Qf5 {[%emt 0:00:05]} 33. Qd1 {
[%emt 0:01:07]} Qxf2 {[%emt 0:00:21]} 34. Nd3 {[%emt 0:00:01]} Qf5 {[%emt 0:01:
40]} 35. Nxc5 {[%emt 0:00:09]} Rxc5 {[%emt 0:00:02]} 36. Qd4 {[%emt 0:00:12]}
Qf6 {[%emt 0:00:01]} 37. Qxc5 {[%emt 0:00:04]} Qxb2 {[%emt 0:00:01]} 38. Qc8+ {
[%emt 0:00:23]} Kh7 {[%emt 0:00:01]} 39. Qf5+ {[%emt 0:00:01]} Kg8 {[%emt 0:00:
00]} 40. Qxh5 {[%emt 0:00:43]} a5 {[%emt 0:00:23]} 41. Qxd5 {[%emt 0:00:22]} a4
{[%emt 0:00:01]} 42. Qd8+ {[%emt 0:00:50]} Kh7 {[%emt 0:00:01]} 43. Qd3+ {
[%emt 0:00:11]} g6 {[%emt 0:00:01]} 44. h5 {[%emt 0:00:19]} a3 {[%emt 0:00:01]}
45. hxg6+ {[%emt 0:00:01]} fxg6 {[%emt 0:00:01]} 46. Qd7+ {[%emt 0:00:07]} Kh6
{[%emt 0:00:01]} 47. Qh3+ {[%emt 0:00:04]} Kg7 {[%emt 0:00:01]} 48. Qd7+ {
[%emt 0:00:01]} Kg8 {[%emt 0:00:44]} 49. Qd8+ {[%emt 0:00:15]} Kh7 {[%emt 0:00:
14]} 50. Qh4+ {[%emt 0:00:02]} Kg8 {[%emt 0:00:02]} 51. Qd8+ {[%emt 0:00:02]}
Kh7 {[%emt 0:00:16]} 52. Qh4+ {[%emt 0:00:04]} 1/2-1/2